000 00661nam a2200277Ia 4500
005 20260324124305.0
008 008 260324s9999 xx 000 0 eng d
020 _a9781315607054
037 _aEBOOK
040 _aCRL
040 _beng
040 _cCRL
041 _2eng
041 _aeng
084 _qCRL
100 _aGalina I. Yermolenko
_91173590
245 0 _aRoxolana in European Literature, History and Culture
260 _bTaylor and Francis
260 _c2010
365 _a
365 _b240
856 _uhttp://www.taylorfrancis.com/books/9781315607054
942 _cEBOOK
999 _c1767840
_d1767840